Croatia National Team All-Time XI - Statistics

General Stats
  • This quiz has been taken 150 times
  • The average score is 8 of 13
Answer Stats
Position Period Player % Correct
MF 2006- Luka Modrić
99%
FW 2007-18 Mario Mandžukić
88%
FW 1990-2002 Davor Šuker
87%
MF 2007-19 Ivan Rakitić
85%
12th player 2011- Ivan Perišić
77%
GK 2008-18 Danijel Subašić
72%
DF 1999-2009 Robert Kovač
61%
DF 2002-16 Darijo Srna
59%
Coach 2017- Zlatko Dalić
50%
MF 1988-99 Zvonimir Boban
37%
DF 1996-2008 Dario Šimić
31%
DF 1990-2002 Robert Jarni
27%
FW 1948-57 Bernard Vukas
7%
No matching quizzes found
Score Distribution
Percent of People with Each Score
Percentile by Number Answered
Your Score History
You have not taken this quiz